[Event "Ä19"]
[Site "Loo"]
[Date "2017.04.27"]
[Round "8.9"]
[White "Ìàðòûíîâà, Àíàñòàñèÿ."]
[Black "Øàïàðü, Òàòüÿíà."]
[Result "0-1"]
[WhiteElo "1987"]
[BlackElo "1950"]
[PlyCount "122"]
[EventDate "2017.04.20"]

1. d4 d5 2. c4 e6 3. Nf3 c6 4. g3 dxc4 5. Bg2 b5 6. Ne5 Bb7 7. O-O Nf6 8. b3
cxb3 9. axb3 Be7 10. Nc3 Qb6 11. Qd3 O-O 12. Bb2 Rd8 13. Ne4 Nbd7 14. Qf3 Nxe5
15. Nxf6+ Bxf6 16. dxe5 Be7 17. Rfd1 Rab8 18. Rd6 Rxd6 19. exd6 Bxd6 20. Rd1
Rd8 21. h4 Bf8 22. Rxd8 Qxd8 23. h5 Qd5 24. Qe3 Qxh5 25. Be5 f6 26. Bb8 Bc5 27.
Qxe6+ Qf7 28. Qf5 Bd4 29. Be4 g6 30. Qf3 Qe6 31. b4 a6 32. Kg2 Kg7 33. g4 Bc8
34. Bxc6 Qxg4+ 35. Qxg4 Bxg4 36. e3 Bc3 37. Bd6 Be2 38. f3 a5 39. Kf2 Bc4 40.
bxa5 Bxa5 41. e4 g5 42. f4 gxf4 43. Bxf4 b4 44. e5 b3 45. Be4 h5 46. Kg3 Be1+
47. Kf3 b2 48. Bb1 f5 49. Bxf5 Ba2 50. e6 b1=Q 51. Be5+ Kf8 52. Bd6+ Ke8 53.
Bxb1 Bxb1 54. Kf4 Ba2 55. Kg5 h4 56. Kg4 Bxe6+ 57. Kf3 Kf7 58. Bc7 Kg6 59. Ke2
Bb4 60. Kf3 Kf5 61. Ke2 Kg4 0-1

[Event "Ä19"]
[Site "Loo"]
[Date "2017.04.27"]
[Round "8.10"]
[White "×èñòÿêîâà, Äàðüÿ."]
[Black "Ìàòþêîâà, Óëüÿíà."]
[Result "0-1"]
[WhiteElo "1893"]
[BlackElo "1984"]
[PlyCount "90"]
[EventDate "2017.04.20"]

1. e4 c5 2. Nf3 d6 3. d4 cxd4 4. c3 dxc3 5. Nxc3 Nc6 6. Bc4 e6 7. O-O Be7 8.
Re1 Nf6 9. Bf4 O-O 10. Qc2 Na5 11. Bd3 e5 12. Be3 Be6 13. Rad1 Ng4 14. Bc1 Qc8
15. h3 Nf6 16. b3 a6 17. Ng5 h6 18. Nxe6 fxe6 19. Qd2 Nc6 20. Ne2 b5 21. Bb2
Qb7 22. f4 Nh5 23. f5 Bg5 24. Qc3 Qb6+ 25. Kh1 Rac8 26. b4 Nd4 27. Qa3 Bh4 28.
Nxd4 exd4 29. Be2 Ng3+ 30. Kh2 Nxe4 31. Bxd4 Qb8 32. fxe6 d5+ 33. Kg1 Bxe1 34.
Rxe1 Qf4 35. Bf3 Rce8 36. Qxa6 Nd2 37. Be5 Nxf3+ 38. gxf3 Qg5+ 39. Kf2 Qh4+ 40.
Bg3 Qd4+ 41. Re3 Qd2+ 42. Re2 Rxf3+ 43. Kxf3 Rf8+ 44. Bf4 Qxf4+ 45. Kg2 Qf3+
0-1

[Event "Ä19"]
[Site "Loo"]
[Date "2017.04.27"]
[Round "8.11"]
[White "Òóêàåâà, Àäåëÿ."]
[Black "Àëåêñååâà, Þëèÿ."]
[Result "0-1"]
[WhiteElo "1970"]
[BlackElo "1850"]
[PlyCount "80"]
[EventDate "2017.04.20"]

1. e4 c5 2. Nf3 d6 3. Bb5+ Bd7 4. Bxd7+ Qxd7 5. c4 Nc6 6. d4 cxd4 7. Nxd4 Nf6
8. Nc3 g6 9. f3 Bg7 10. Be3 O-O 11. O-O a6 12. Na4 Qd8 13. Nxc6 bxc6 14. c5 Qa5
15. cxd6 exd6 16. Rc1 Qb5 17. b3 Rfd8 18. Nb6 Rab8 19. a4 Qe5 20. Rxc6 d5 21.
Bd4 Qe8 22. Bxf6 Qxc6 23. Bxd8 Rxd8 24. Nxd5 Qc5+ 25. Kh1 a5 26. Qd2 Rc8 27. f4
h5 28. f5 gxf5 29. Qg5 fxe4 30. Qf5 Rc7 31. Nxc7 Qxc7 32. Qxe4 Be5 33. Qe3 f6
34. Rc1 Qd6 35. Qf3 Qb4 36. Qd5+ Kg7 37. Qc4 Qd6 38. Qe2 Qb4 39. Qb5 Qf4 40.
Qd7+ Kh6 0-1

[Event "Ä19"]
[Site "Loo"]
[Date "2017.04.27"]
[Round "8.12"]
[White "Êîïîâàÿ, Àëåêñàíäðà."]
[Black "Ñàòàåâà, Ëàíà."]
[Result "1/2-1/2"]
[WhiteElo "1958"]
[BlackElo "1802"]
[PlyCount "71"]
[EventDate "2017.04.20"]

1. c4 e5 2. Nc3 Nc6 3. d3 d6 4. Nf3 Nf6 5. g3 Be7 6. Bg2 O-O 7. O-O h6 8. b3
Bf5 9. Bb2 Qd7 10. d4 exd4 11. Nxd4 Bh3 12. Qd2 Bxg2 13. Kxg2 Rfe8 14. Rfe1 Bf8
15. Rad1 Ne5 16. Nf3 Ng6 17. Nd5 Ne4 18. Qc1 Rad8 19. Nf4 Ne7 20. Qc2 Nc6 21.
a3 a5 22. Ba1 Qf5 23. Qb2 Ne7 24. Nd5 Rd7 25. b4 axb4 26. axb4 Nc6 27. Nf4 Ne5
28. c5 Ng5 29. Nh4 Qf6 30. Nh5 Qe6 31. Nf4 Qf6 32. Nh5 Qe6 33. Nf4 Qf6 34. Nh5
Qe6 35. Nf4 Qf6 36. Nh5 1/2-1/2

[Event "Ä19"]
[Site "Loo"]
[Date "2017.04.27"]
[Round "8.13"]
[White "Äåì÷åíêî, Àëèñà."]
[Black "Ñàôèþëëèíà, Äèíàðà."]
[Result "0-1"]
[WhiteElo "1876"]
[BlackElo "1839"]
[PlyCount "100"]
[EventDate "2017.04.20"]

1. d4 Nf6 2. c4 e6 3. g3 d5 4. Bg2 dxc4 5. Nf3 Bb4+ 6. Bd2 a5 7. Qc2 Bxd2+ 8.
Nbxd2 b5 9. a4 c6 10. Ne5 Nd5 11. b3 c3 12. Ne4 b4 13. h4 h6 14. e3 Ba6 15. g4
Qc7 16. Nc5 Bc8 17. O-O-O Nd7 18. Ncxd7 Bxd7 19. g5 Bc8 20. Bf3 h5 21. g6 f6
22. Nf7 Rg8 23. Bxh5 Bb7 24. Bg4 Kd7 25. h5 Rae8 26. h6 gxh6 27. Rxh6 Kc8 28.
Rh7 f5 29. Nh6 Rg7 30. Bxf5 exf5 31. Qxf5+ Kb8 32. Nf7 Ne7 33. Qh5 Rxg6 34. Ne5
Rgg8 35. f4 Qd6 36. Nc4 Qd5 37. Qxd5 cxd5 38. Nd6 Rh8 39. Rdh1 Rxh7 40. Rxh7
Rg8 41. Rxe7 Rg1+ 42. Kc2 Rg2+ 43. Kd1 Rg1+ 44. Kc2 Ba6 45. Nb5 Bxb5 46. axb5
a4 47. bxa4 Rg2+ 48. Kd1 b3 49. a5 b2 50. Re8+ Kc7 0-1

[Event "Ä19"]
[Site "Loo"]
[Date "2017.04.27"]
[Round "8.14"]
[White "Ãðåõí¸âà, ßíà."]
[Black "Ìóõèíà, ßíà."]
[Result "1/2-1/2"]
[WhiteElo "1881"]
[BlackElo "2004"]
[PlyCount "58"]
[EventDate "2017.04.20"]

1. d4 Nf6 2. c4 b6 3. Nc3 Bb7 4. f3 d5 5. cxd5 Nxd5 6. Nxd5 Qxd5 7. e4 Qd8 8.
Bc4 e6 9. Ne2 c5 10. Be3 cxd4 11. Bxd4 Bb4+ 12. Nc3 O-O 13. O-O Nc6 14. Be3
Bxc3 15. bxc3 Qc7 16. Qc2 Rac8 17. Rac1 Na5 18. Bd3 Rfd8 19. f4 f6 20. Rf3 Nc4
21. Bf2 b5 22. Bxa7 Bxe4 23. Bxe4 Qxa7+ 24. Kh1 f5 25. Bd3 Rd6 26. Re1 Rcd8 27.
Re2 Qa3 28. h3 Qc5 29. Kh2 h6 {äàëåå çàïèñü íåðàçáîð~~èâà} 1/2-1/2

[Event "Ä19"]
[Site "Loo"]
[Date "2017.04.27"]
[Round "8.15"]
[White "Ñåðåãèíà, Ìàðèÿ."]
[Black "Äîðîôååâà, Íúóðãóéààíà."]
[Result "1-0"]
[WhiteElo "1804"]
[BlackElo "1778"]
[PlyCount "71"]
[EventDate "2017.04.20"]

1. d4 d5 2. c4 e6 3. Nc3 c6 4. e3 Nf6 5. Nf3 Bd6 6. Bd3 O-O 7. O-O Nbd7 8. b3
e5 9. cxd5 cxd5 10. dxe5 Nxe5 11. Nxe5 Bxe5 12. Bb2 Bd7 13. h3 Bc6 14. Qe2 d4
15. Nb5 Qd5 16. f4 Bxb5 17. fxe5 Bxd3 18. Qxd3 dxe3 19. Qxe3 Qe6 20. Rad1 Nd5
21. Qe4 Rad8 22. Rd4 Qb6 23. Kh2 Nc7 24. Rb4 Qc6 25. Qxc6 bxc6 26. Rb7 Ne6 27.
Rxa7 Rd2 28. Bc3 Rc2 29. Rf3 Ng5 30. Re3 Re8 31. a4 Ne6 32. a5 Nf4 33. Rg3 Ne2
34. e6 Nxg3 35. exf7+ Kf8 36. Bxg7+ 1-0

[Event "Ä19"]
[Site "Loo"]
[Date "2017.04.27"]
[Round "8.16"]
[White "Þðîâñêèõ, ßñìèí."]
[Black "Ìóõòàðîâà, Àíàñòàñèÿ."]
[Result "1/2-1/2"]
[WhiteElo "1880"]
[BlackElo "1859"]
[PlyCount "106"]
[EventDate "2017.04.20"]

1. e4 c5 2. Nc3 e6 3. g3 b6 4. Bg2 Bb7 5. Nge2 Nf6 6. O-O d6 7. d3 Nc6 8. h3
Be7 9. Be3 a6 10. a4 Qc7 11. f4 O-O 12. g4 Rfe8 13. Ng3 Nd4 14. g5 Nd7 15. Kh2
Rac8 16. Rf2 Bf8 17. Qg4 g6 18. Raf1 f5 19. gxf6 Nxf6 20. Qh4 Bg7 21. Bc1 Rf8
22. f5 exf5 23. exf5 Bxg2 24. Rxg2 d5 25. Bf4 Qc6 26. fxg6 hxg6 27. Qg5 Nh7 28.
Qxd5+ Qxd5 29. Nxd5 Rce8 30. c3 Ne6 31. Bd2 Be5 32. Rgf2 Rxf2+ 33. Rxf2 b5 34.
axb5 axb5 35. Kg2 Kg7 36. Re2 Bxg3 37. Kxg3 Rd8 38. c4 bxc4 39. dxc4 Kf7 40.
Rf2+ Kg8 41. Bc3 Rd7 42. h4 Ng7 43. b4 cxb4 44. Bxb4 Nf5+ 45. Kg4 Rf7 46. Re2
Nf6+ 47. Nxf6+ Rxf6 48. Kg5 Rb6 49. Re8+ Kf7 50. Rf8+ Kg7 51. Ba3 Ra6 52. Bb4
Rb6 53. Ba3 Ra6 1/2-1/2

[Event "Ä19"]
[Site "Loo"]
[Date "2017.04.27"]
[Round "8.17"]
[White "Êîøåïàðîâà, Òàòüÿíà."]
[Black "Êàçàê, Íàòàëüÿ."]
[Result "0-1"]
[WhiteElo "2074"]
[BlackElo "1769"]
[PlyCount "114"]
[EventDate "2017.04.20"]

1. e4 c5 2. Nf3 Nc6 3. d4 cxd4 4. Nxd4 g6 5. Nc3 Bg7 6. Be3 Nf6 7. Bc4 O-O 8.
Bb3 d6 9. f3 Bd7 10. Qd2 Na5 11. O-O-O Rb8 12. Bh6 b5 13. Bxg7 Kxg7 14. Nd5 e5
15. Nf5+ Bxf5 16. Nxf6 Nxb3+ 17. axb3 Qxf6 18. exf5 Qxf5 19. h4 h5 20. Kb1 Rbc8
21. Rhg1 Rc6 22. g4 Qxf3 23. Rdf1 Qe4 24. gxh5 d5 25. Re1 Qd4 26. Qg5 Rfc8 27.
h6+ Kh7 28. h5 Qf4 29. Qe7 Qf5 30. Re2 d4 31. hxg6+ Rxg6 32. Rxg6 Qxg6 33. Qxe5
d3 34. cxd3 Qxd3+ 35. Ka2 Qg6 36. Re3 Rc6 37. b4 Re6 38. Qf4 Rxe3 39. Qxe3 Qe6+
40. Qxe6 fxe6 41. Kb3 Kxh6 42. Kc3 Kg5 43. Kd4 Kf4 44. Kc5 e5 45. Kxb5 e4 46.
Ka6 e3 47. Kxa7 e2 48. b5 e1=Q 49. b6 Qa5+ 50. Kb7 Ke5 51. Kc6 Qd5+ 52. Kc7
Qc5+ 53. Kb7 Kd6 54. b3 Qb5 55. b4 Qxb4 56. Ka8 Kc6 57. b7 Qxb7# 0-1

[Event "Ä19"]
[Site "Loo"]
[Date "2017.04.27"]
[Round "8.18"]
[White "Áî÷àðîâà, Àíàñòàñèÿ."]
[Black "Ïåðôèëîâà, Ìàðèÿ."]
[Result "1/2-1/2"]
[WhiteElo "1797"]
[BlackElo "1895"]
[PlyCount "105"]
[EventDate "2017.04.20"]

1. Nf3 Nf6 2. d4 c5 3. c3 e6 4. Bf4 Nc6 5. e3 d5 6. Bd3 Be7 7. O-O O-O 8. h3 b6
9. Nbd2 Bb7 10. Re1 Rc8 11. Qe2 Bd6 12. Bxd6 Qxd6 13. Rad1 Rfd8 14. e4 dxe4 15.
Nxe4 Qe7 16. dxc5 bxc5 17. Nxf6+ Qxf6 18. Be4 Rb8 19. Rxd8+ Qxd8 20. Rd1 Qc7
21. Qc2 g6 22. Nd2 Ne7 23. Bxb7 Qxb7 24. b3 Rd8 25. Nc4 Rxd1+ 26. Qxd1 Qd5 27.
Qxd5 Nxd5 28. Na5 Nxc3 29. Nb7 Nxa2 30. Nxc5 Kf8 31. Kf1 Ke7 32. Ke2 Kd6 33.
Ne4+ Ke5 34. Ke3 Kd5 35. Nf6+ Kc5 36. Nxh7 Kb4 37. Ng5 Kxb3 38. Nxf7 a5 39. Ne5
a4 40. Nd3 a3 41. Kd2 Nc3 42. Nc1+ Kc4 43. f3 e5 44. h4 Nb5 45. g4 Nd4 46. h5
gxh5 47. gxh5 Nxf3+ 48. Kc2 e4 49. h6 Ng5 50. Nb3 e3 51. Nc1 Nh7 52. Na2 Kd4
53. Nc3 1/2-1/2

[Event "Ä19"]
[Site "Loo"]
[Date "2017.04.27"]
[Round "8.19"]
[White "Êèñåëåâà, Åêàòåðèíà."]
[Black "Êàëèíîâñêàÿ, Ëþäìèëà."]
[Result "1-0"]
[WhiteElo "1808"]
[BlackElo "1689"]
[PlyCount "119"]
[EventDate "2017.04.20"]

1. e4 c5 2. Nf3 d6 3. d4 cxd4 4. Nxd4 Nf6 5. Nc3 Nc6 6. Be2 e5 7. Nb3 Be7 8.
O-O O-O 9. Be3 a5 10. a4 Be6 11. Nd2 d5 12. exd5 Nxd5 13. Nxd5 Bxd5 14. Nc4 Be4
15. c3 Qxd1 16. Rfxd1 Rad8 17. Bb6 Rxd1+ 18. Rxd1 Bd8 19. Bxd8 Rxd8 20. Rxd8+
Nxd8 21. Nxa5 Bc2 22. Bb5 f5 23. Kf1 Kf7 24. Ke2 Kf6 25. f3 e4 26. Kd2 Bb1 27.
Kc1 Ba2 28. fxe4 fxe4 29. b3 b6 30. Nc4 Bxb3 31. Nxb6 Nb7 32. Kd2 Ke6 33. Ke3
Bc2 34. c4 Bd3 35. Nd7 Kd6 36. c5+ Kc7 37. Kd4 Bc2 38. Nf8 Bb3 39. Nxh7 e3 40.
Kxe3 Nxc5 41. Ng5 Kb6 42. Kf4 Nxa4 43. Bxa4 Bxa4 44. Ne6 Kc6 45. Nxg7 Kd6 46.
Kg5 Ke7 47. Kg6 Bc2+ 48. Nf5+ Kf8 49. g4 Kg8 50. h4 Kh8 51. g5 Bb3 52. Kf6 Kg8
53. g6 Kh8 54. h5 Kg8 55. h6 Ba2 56. Nd6 Bb3 57. h7+ Kh8 58. Nf7+ Bxf7 59. g7+
Kxh7 60. Kxf7 1-0

[Event "Ä19"]
[Site "Loo"]
[Date "2017.04.27"]
[Round "8.20"]
[White "Áîëèåâà, Ìàðèÿ."]
[Black "Àëåêñååâà, Àíãåëèíà."]
[Result "0-1"]
[WhiteElo "1278"]
[BlackElo "1714"]
[PlyCount "66"]
[EventDate "2017.04.20"]

1. e4 c5 2. Nf3 Nc6 3. Nc3 g6 4. d4 cxd4 5. Nxd4 Bg7 6. Be3 Nf6 7. Bd3 O-O 8.
Qd2 d6 9. f3 Nd7 10. Nce2 Nde5 11. c3 Nxd3+ 12. Qxd3 Ne5 13. Qc2 a6 14. h3 Qc7
15. O-O Nc4 16. Bc1 Bd7 17. Qd3 Rac8 18. b3 Ne5 19. Qc2 Nc6 20. Nxc6 Qxc6 21.
Bd2 Qc5+ 22. Kh1 Bb5 23. b4 Qxb4 24. Rab1 Qc4 25. Rfe1 Rfd8 26. Rbc1 d5 27.
exd5 Qxd5 28. Rcd1 Bxe2 29. Rxe2 Bxc3 30. a3 e6 31. a4 b5 32. axb5 axb5 33. h4
b4 0-1

[Event "Ì11Ï"]
[Site "Loo"]
[Date "2017.04.27"]
[Round "8.1"]
[White "ßóðîâ, Åãîð."]
[Black "Ä¸ìèíîâ, Èëüÿ."]
[Result "1-0"]
[WhiteElo "1587"]
[BlackElo "1554"]
[PlyCount "57"]
[EventDate "2017.04.20"]

1. d4 e6 2. e4 d5 3. e5 c5 4. c3 Nc6 5. Nf3 Qb6 6. a3 cxd4 7. cxd4 Nge7 8. b4
Nf5 9. Bb2 Be7 10. Bd3 O-O 11. O-O Bd7 12. Bxf5 exf5 13. Nc3 Be6 14. Qd3 f6 15.
Na4 Qc7 16. Rfe1 fxe5 17. Nxe5 Nxe5 18. Rxe5 Rf6 19. Rae1 Qd7 20. Qe2 Bf7 21.
Rxe7 Qxa4 22. Qe5 Qb3 23. Bc1 Rf8 24. Bg5 Rg6 25. Qxf5 Be6 26. Qe5 Qb2 27. Be3
Qc3 28. Rc1 Qxa3 29. Rxe6 1-0

[Event "Ì11Ï"]
[Site "Loo"]
[Date "2017.04.27"]
[Round "8.2"]
[White "Õàðêåâè÷, Ñòåïàí."]
[Black "Ìàòâååâ, Àíäðåé."]
[Result "1/2-1/2"]
[WhiteElo "1807"]
[BlackElo "1512"]
[PlyCount "68"]
[EventDate "2017.04.20"]

1. e4 e5 2. Nf3 Nc6 3. Bc4 Bc5 4. O-O Nf6 5. d4 Bxd4 6. Nxd4 Nxd4 7. f4 d6 8.
fxe5 dxe5 9. Bg5 Qd6 10. Bxf6 gxf6 11. c3 Ne6 12. Qxd6 cxd6 13. Rxf6 Ke7 14.
Rf1 f6 15. Nd2 Nf4 16. g3 Nh3+ 17. Kh1 Bg4 18. Rae1 Rac8 19. Be2 h5 20. Nf3
Bxf3+ 21. Bxf3 Ng5 22. h4 Nxf3 23. Rxf3 Rhg8 24. Kh2 Rg4 25. b3 Rcg8 26. Ree3
Ke6 27. c4 b6 28. Rf2 Rf8 29. Kg2 Rfg8 30. Kh2 Rf8 31. Kg2 Rfg8 32. Kh2 Rf8 33.
Kg2 Rfg8 34. Kh2 Rf8 1/2-1/2

[Event "Ì11Ï"]
[Site "Loo"]
[Date "2017.04.27"]
[Round "8.3"]
[White "Êóçüìèíûõ, Íèêèòà."]
[Black "Æåëàíîâ, Ñåìåí."]
[Result "0-1"]
[WhiteElo "1585"]
[BlackElo "1502"]
[PlyCount "132"]
[EventDate "2017.04.20"]

1. e4 c5 2. Nf3 g6 3. c3 d5 4. exd5 Qxd5 5. d4 Bg7 6. Be3 cxd4 7. cxd4 Qa5+ 8.
Nc3 Nh6 9. Bd3 O-O 10. O-O Bf5 11. Bxh6 Bxh6 12. Bxf5 Qxf5 13. Re1 e6 14. Qb3
b6 15. d5 exd5 16. Re5 Qg4 17. Nxd5 Bg7 18. Rg5 Qd7 19. Qc4 Kh8 20. Qg4 h6 21.
Qxd7 Nxd7 22. Rg4 Bxb2 23. Rb1 Ne5 24. Nxe5 Bxe5 25. Re4 Bg7 26. Re7 Kg8 27. g3
Rfd8 28. Nb4 Re8 29. Rxe8+ Rxe8 30. Kf1 Re6 31. h3 g5 32. a3 Bd4 33. Nd5 Re5
34. Nb4 Rf5 35. Nd3 Ra5 36. Rb3 Bg7 37. Kg2 Bf8 38. Kf3 Rxa3 39. Rxa3 Bxa3 40.
Ke4 a5 41. Kd4 b5 42. Kc3 Bd6 43. Kd4 Kg7 44. Kd5 Bf8 45. Kc6 b4 46. Kb5 b3 47.
Ka4 Kf6 48. Kxb3 Kf5 49. f3 Bd6 50. g4+ Ke6 51. Ka4 Bc7 52. Nf2 Ke5 53. Ne4 Kf4
54. Nf6 Be5 55. Ng8 Bg7 56. Ne7 Kxf3 57. Nf5 Bf8 58. Kxa5 Kg2 59. h4 gxh4 60.
Nxh4+ Kg3 61. Nf5+ Kxg4 62. Ne3+ Kf3 63. Nf5 Kf4 64. Nh4 Bc5 65. Ng2+ Kg3 66.
Ne1 h5 0-1

[Event "Ì11Ï"]
[Site "Loo"]
[Date "2017.04.27"]
[Round "8.4"]
[White "Êðèâîâ, Íèêèòà."]
[Black "Ëåáçàê, ßðîñëàâ."]
[Result "1/2-1/2"]
[WhiteElo "1573"]
[BlackElo "1492"]
[PlyCount "85"]
[EventDate "2017.04.20"]

1. Nf3 Nf6 2. c4 e6 3. Nc3 d5 4. e3 c6 5. b3 Nbd7 6. Qc2 Be7 7. Bb2 h6 8. Be2
b6 9. d4 Bb7 10. O-O O-O 11. Rac1 Rc8 12. Rfd1 Kh8 13. e4 Rc7 14. Nd2 Qa8 15.
Bf3 dxe4 16. Ndxe4 c5 17. Nxf6 Nxf6 18. Bxb7 Qxb7 19. d5 exd5 20. Nxd5 Nxd5 21.
Rxd5 Bg5 22. Re1 Rcc8 23. Qf5 Rfe8 24. Re4 Rxe4 25. Qxe4 Qc6 26. Qf5 Re8 27.
Kf1 Qe6 28. Qxe6 Rxe6 29. g3 Re7 30. h4 Bf6 31. Bxf6 gxf6 32. Rd6 Kg7 33. a4 h5
34. Rd3 Kg6 35. f3 f5 36. Kf2 Re6 37. Rd7 a5 38. Rd5 Kf6 39. Rd3 Kg6 40. Re3
Rd6 41. Ke2 Kg7 42. Rd3 Re6+ 43. Re3 1/2-1/2

[Event "Ì11Ï"]
[Site "Loo"]
[Date "2017.04.27"]
[Round "8.5"]
[White "Áóíèí, Ñåðàôèì."]
[Black "Ãðèùåíêî, Àðò¸ì."]
[Result "1/2-1/2"]
[WhiteElo "1502"]
[BlackElo "1384"]
[PlyCount "252"]
[EventDate "2017.04.20"]

1. e4 e5 2. Nf3 Nc6 3. Bc4 Nf6 4. Ng5 d5 5. exd5 Na5 6. Bb5+ c6 7. dxc6 bxc6 8.
Be2 h6 9. Nf3 e4 10. Ne5 Bc5 11. c3 Bd6 12. d4 exd3 13. Nxd3 Nd5 14. Nd2 Be6
15. Nf3 Qb6 16. O-O O-O 17. Bd2 c5 18. b3 c4 19. Nc1 cxb3 20. axb3 Nf4 21. Be3
Nxe2+ 22. Qxe2 Qc7 23. c4 Rab8 24. Qa2 Bb4 25. Bd2 Bxd2 26. Nxd2 Nc6 27. Ne2
Rfd8 28. Ne4 Qe5 29. N4g3 Rd3 30. Rae1 Qd6 31. Nc1 Rd4 32. Ne4 Qb4 33. f3 Na5
34. Rd1 Rxd1 35. Rxd1 Nxb3 36. Qxa7 Bxc4 37. Qf2 Nxc1 38. Rxc1 Qa3 39. Qd2 Qa7+
40. Kh1 Be6 41. h3 Qe7 42. Kh2 Rd8 43. Qf2 Re8 44. Re1 Qc7+ 45. Kh1 Rd8 46. Ng3
Qa5 47. Ne4 Qc7 48. Rg1 Re8 49. Qh4 Qe7 50. Qg3 Kh8 51. Rc1 Rc8 52. Re1 Qb7 53.
Qf2 Qc6 54. h4 Qc2 55. Qg1 Qc7 56. Qe3 Qc6 57. Rf1 Qc7 58. g4 Qc2 59. g5 hxg5
60. Nxg5 Qg6 61. Rg1 Qh6 62. Qd4 Rg8 63. Kh2 Qh5 64. Qe4 Rc8 65. Rd1 Rc2+ 66.
Kg3 Rc8 67. Qd3 Rg8 68. Qd8 f6 69. Nxe6 Rxd8 70. Rxd8+ Kh7 71. Nf4 Qe5 72. Kg4
f5+ 73. Kg3 Qe1+ 74. Kg2 Qb1 75. Nh3 Qc2+ 76. Nf2 Qc6 77. Nh3 Qc2+ 78. Nf2 Kg6
79. Rd1 f4 80. Rd5 Qb2 81. Rg5+ Kh7 82. Rg4 Qd2 83. Rg5 Kg8 84. Re5 Qd1 85. Rg5
Qd2 86. Re5 Kf7 87. Kf1 Qc1+ 88. Kg2 Qd2 89. Kf1 Qc1+ 90. Kg2 Kg8 91. Re4 Qd2
92. Kf1 Qc1+ 93. Kg2 Qd2 94. Ra4 Kh7 95. Ra1 Qd8 96. Ne4 Kg8 97. Rh1 Qd5 98. h5
Qa2+ 99. Nf2 Qa6 100. Ng4 Qe2+ 101. Nf2 Qe5 102. h6 Qg5+ 103. Ng4 g6 104. Ra1
Qb5 105. Ra8+ Kh7 106. Ra7+ Kh8 107. Rg7 Qe2+ 108. Nf2 Qc2 109. Rf7 Qd2 110.
Re7 Qd8 111. Rg7 Qb6 112. Ng4 Qb2+ 113. Kh3 Qe2 114. Rxg6 Qxf3+ 115. Kh4 Kh7
116. Rg7+ Kh8 117. Kg5 Qd5+ 118. Kg6 Qd6+ 119. Nf6 Qd3+ 120. Kf7 Qb3+ 121. Kf8
Qb8+ 122. Kf7 Qc7+ 123. Kg6 Qc2+ 124. Kg5 Qg2+ 125. Kxf4 Qxg7 126. hxg7+ Kxg7
1/2-1/2

[Event "Ì11Ï"]
[Site "Loo"]
[Date "2017.04.27"]
[Round "8.6"]
[White "Îñèïåíêî, Èâàí."]
[Black "Ðóäíûé, Èëüÿ."]
[Result "0-1"]
[WhiteElo "1390"]
[BlackElo "1465"]
[PlyCount "158"]
[EventDate "2017.04.20"]

1. d4 Nf6 2. Nf3 e6 3. e3 c5 4. Bd3 d5 5. b3 Nc6 6. O-O Qc7 7. Bb2 Bd6 8. Nbd2
e5 9. dxe5 Nxe5 10. Qe2 Be6 11. Nxe5 Bxe5 12. Bxe5 Qxe5 13. Nf3 Qc7 14. c4 O-O
15. Rfd1 Rad8 16. Rac1 b6 17. Ng5 h6 18. Nf3 Rfe8 19. Qc2 Bg4 20. Be2 dxc4 21.
Qxc4 Be6 22. Qc2 Nd5 23. a3 Ne7 24. b4 Rc8 25. Nd4 Qe5 26. Nxe6 fxe6 27. b5
Rcd8 28. Bc4 Nd5 29. e4 Nf6 30. f3 Kf7 31. Qa4 Qc7 32. e5 Nd5 33. Bd3 Kg8 34.
Qe4 g5 35. Bc4 Qh7 36. Rd2 Qxe4 37. fxe4 Nf4 38. Rcd1 Rxd2 39. Rxd2 Kf7 40. g3
Ng6 41. Rf2+ Kg7 42. Rf6 Nxe5 43. Rxe6 Rxe6 44. Bxe6 Kf6 45. Bd5 Ng4 46. h3 Ne3
47. Ba2 Ke5 48. Bb1 Nc4 49. a4 Nd2 50. Bc2 Nxe4 51. Kg2 Kd4 52. Kf3 Nf6 53. h4
Kc3 54. Bd1 Kd2 55. Bb3 Kd3 56. Ba2 c4 57. Bb1+ Kd2 58. Ba2 c3 59. Bb3 c2 60.
Bxc2 Kxc2 61. Ke3 Kc3 62. hxg5 hxg5 63. g4 Nxg4+ 64. Ke4 Kb4 65. Kf5 Ne3+ 66.
Kxg5 Kxa4 67. Kf4 Nc4 68. Ke4 Kxb5 69. Kd3 a5 70. Kc3 a4 71. Kc2 Kb4 72. Kb1 a3
73. Ka2 Nd2 74. Ka1 Nb3+ 75. Kb1 b5 76. Ka2 Nd4 77. Ka1 Kb3 78. Kb1 a2+ 79. Ka1
Nc2# 0-1

[Event "Ì11Ï"]
[Site "Loo"]
[Date "2017.04.27"]
[Round "8.7"]
[White "Ãàëèåâ, Ýðíåñò."]
[Black "Øóøóíîâ, Àëåêñåé."]
[Result "0-1"]
[WhiteElo "1324"]
[BlackElo "1394"]
[PlyCount "28"]
[EventDate "2017.04.20"]

1. d4 d5 2. c4 e6 3. Nf3 c6 4. Qc2 f5 5. e3 Nf6 6. Nc3 Bd6 7. Bd3 O-O 8. Bd2
Qe7 9. h3 Ne4 10. Ne5 Nd7 11. Nxd7 Bxd7 12. O-O Rac8 13. c5 Bc7 14. Qb3 Nxd2
0-1

[Event "Ì11Ï"]
[Site "Loo"]
[Date "2017.04.27"]
[Round "8.8"]
[White "Ðàêèòèí, Äàíèèë."]
[Black "Ñâèðèäîâ, Ìàêñèì."]
[Result "1/2-1/2"]
[WhiteElo "1663"]
[BlackElo "1377"]
[PlyCount "171"]
[EventDate "2017.04.20"]

1. d4 d5 2. c4 e6 3. Nc3 Nf6 4. Nf3 Be7 5. g3 Nbd7 6. Bg2 c6 7. cxd5 cxd5 8.
O-O O-O 9. Bd2 Nb6 10. Ne5 Bd7 11. e3 Rc8 12. Rc1 Nc4 13. Nxc4 Rxc4 14. Ne2 Qc7
15. Nc3 Qb6 16. b3 Rc7 17. Rc2 Rfc8 18. Qa1 Bb5 19. Bc1 Bxf1 20. Bxf1 a6 21.
Bb2 Ne4 22. Na4 Qa7 23. Rxc7 Rxc7 24. f3 Nf6 25. Bd3 b5 26. Nc3 Qb7 27. Qb1 Bb4
28. Ne2 h6 29. a3 Bd2 30. Kf2 b4 31. a4 Bc3 32. Bc1 Nd7 33. Nxc3 bxc3 34. Bc2
Nb8 35. Ba3 Nc6 36. Bc5 Nb4 37. Qc1 Nc6 38. Bd1 Nb8 39. Qxc3 Nd7 40. b4 Nxc5
41. bxc5 Kf8 42. Be2 Ke7 43. Qd3 Rc6 44. Qc3 Kd7 45. Qa5 Kc8 46. f4 Kb8 47.
Qd8+ Rc8 48. Qd6+ Ka7 49. a5 Qc6 50. Qe7+ Qc7 51. Qh4 Qxa5 52. Qg4 g6 53. Qh3
h5 54. Qf1 Rc6 55. Qb1 Qc7 56. Qa2 Qb7 57. Qa4 Kb8 58. Qa5 Kc8 59. Qa4 Kd7 60.
Qa5 Kc8 61. h3 Kd7 62. g4 hxg4 63. hxg4 Kc8 64. Kf3 Kd7 65. Bd3 Kc8 66. Qa2 Kd7
67. Qh2 Kc8 68. Qh8+ Kc7 69. Qe8 f5 70. Qxg6 fxg4+ 71. Qxg4 a5 72. Bc2 Kb8 73.
Ba4 Ka7 74. Qg2 Ka6 75. Qe2+ Ka7 76. Qa2 Ka6 77. Ke2 Qh7 78. Qc2 Qxc2+ 79. Bxc2
Kb5 80. Kd2 Kb4 81. f5 exf5 82. Bxf5 Kb3 83. e4 dxe4 84. Bxe4 Rc7 85. Kd3 Kb4
86. Ke3 1/2-1/2

[Event "Ì11Ï"]
[Site "Loo"]
[Date "2017.04.27"]
[Round "8.9"]
[White "Âàõòèí, Ïåòð."]
[Black "×ûíäûãûð, Òàìåðëàí."]
[Result "1/2-1/2"]
[WhiteElo "1428"]
[BlackElo "1720"]
[PlyCount "83"]
[EventDate "2017.04.20"]

1. c4 e6 2. Nc3 d5 3. d4 c6 4. Nf3 Nf6 5. Qc2 Nbd7 6. Nd2 Be7 7. e4 dxe4 8.
Ndxe4 O-O 9. Be2 b6 10. O-O Bb7 11. Bf3 Qc7 12. Nxf6+ Nxf6 13. Be3 Rfd8 14.
Rfd1 Rac8 15. Rac1 b5 16. c5 Rb8 17. b4 Nd5 18. Nxd5 exd5 19. Qd2 Qd7 20. h3
Qf5 21. Bg4 Qg6 22. Qd3 Bf6 23. Bf5 Qh5 24. Bf4 Bc8 25. Bxh7+ Qxh7 26. Qxh7+
Kxh7 27. Bxb8 Bf5 28. Bf4 g5 29. Be3 Ra8 30. Ra1 a5 31. a3 a4 32. Ra2 Re8 33.
Re2 Kg6 34. f3 Bg7 35. g4 Be6 36. Rde1 Rh8 37. Kg2 Re8 38. Bf2 Bf6 39. Rd2 Rh8
40. Bg3 Re8 41. Be5 Be7 42. Bg3 1/2-1/2

[Event "Ì11Ï"]
[Site "Loo"]
[Date "2017.04.27"]
[Round "8.10"]
[White "×åðòêîâ, Ìàêñèì."]
[Black "Ìî÷àëîâ, Äìèòðèé."]
[Result "1/2-1/2"]
[WhiteElo "1368"]
[BlackElo "1657"]
[PlyCount "301"]
[EventDate "2017.04.20"]

1. e4 c5 2. Nf3 d6 3. d4 cxd4 4. Nxd4 Nf6 5. Nc3 g6 6. Be3 Bg7 7. f3 O-O 8. Qd2
Nc6 9. O-O-O d5 10. Nxc6 bxc6 11. exd5 cxd5 12. Nxd5 Nxd5 13. Qxd5 Qc7 14. Qc5
Qb7 15. Bd4 Bf5 16. Bd3 Rfc8 17. Qa3 Bxd3 18. Rxd3 e5 19. Bc3 e4 20. Rd6 Bf8
21. Qa6 Qc7 22. Rd2 Bh6 23. Qf6 Bxd2+ 24. Kxd2 Qd8+ 25. Qxd8+ Rxd8+ 26. Ke3
exf3 27. Kxf3 a5 28. a4 Rdc8 29. Ke3 Rc4 30. Ra1 Kf8 31. Kd3 Rf4 32. Be1 Ke7
33. Bg3 Rb4 34. Re1+ Kf6 35. b3 h5 36. h3 Rb6 37. Be5+ Kf5 38. Bd4 Rd6 39. g3
g5 40. Re5+ Kg6 41. c3 f5 42. Ke3 Rb8 43. Rxa5 Rxb3 44. Be5 Rc6 45. Kd3 f4 46.
gxf4 gxf4 47. Kc2 f3 48. Bd4 Rbxc3+ 49. Kd2 Rc2+ 50. Ke1 f2+ 51. Kf1 Rd6 52.
Rc5 Ra2 53. Rc4 Rd5 54. h4 Rf5 55. Rc6+ Kf7 56. a5 Raxa5 57. Rc2 Rf4 58. Bxf2
Ra1+ 59. Kg2 Rg4+ 60. Kf3 Ra3+ 61. Ke2 Rh3 62. Rc5 Rf4 63. Rc2 Ke6 64. Rc6+ Kf5
65. Rc5+ Ke6 66. Rc6+ Kd5 67. Rc5+ Kd6 68. Rc2 Rh2 69. Ke3 Rg4 70. Ra2 Rh3+ 71.
Ke2 Rg2 72. Ra6+ Kd7 73. Ra7+ Kc6 74. Ra6+ Kb7 75. Ra7+ Kb8 76. Ra4 Rg4 77. Ra5
Rf4 78. Kf1 Rhxh4 79. Kg2 Rhg4+ 80. Kf1 Rg3 81. Rxh5 Rgf3 82. Rh2 Kb7 83. Ke2
Kc6 84. Be3 Rf6 85. Rh5 Rg3 86. Ra5 Kb7 87. Ra7+ Kb8 88. Re7 Kc8 89. Ra7 Re6
90. Ra3 Rc6 91. Kf2 Rh3 92. Kg2 Rh5 93. Kf3 Re6 94. Rc3+ Kd7 95. Kg4 Rh7 96.
Ra3 Rg7+ 97. Kf3 Kc6 98. Ra6+ Kd5 99. Ra5+ Kc4 100. Rc5+ Kb4 101. Rf5 Rh7 102.
Rf4+ Kc3 103. Bd4+ Kd3 104. Bf6 Rf7 105. Bg5 Rg7 106. Kg4 Re4 107. Kf3 Re3+
108. Kg4 Re1 109. Rf3+ Kd4 110. Rf4+ Kd5 111. Rf5+ Kd6 112. Kh5 Rh1+ 113. Kg4
Rg1+ 114. Kh5 Ke6 115. Ra5 Kf7 116. Ra7+ Kg8 117. Ra8+ Kh7 118. Ra5 Rg2 119.
Rb5 Rh2+ 120. Kg4 Rg2+ 121. Kf4 Rc2 122. Kf5 Rf2+ 123. Ke6 Rg6+ 124. Kd7 Rf7+
125. Be7 Ra6 126. Ke8 Rg7 127. Rh5+ Kg8 128. Re5 Ra7 129. Re1 Ra8+ 130. Bd8 Ra6
131. Be7 Rg4 132. Kd7 Rd4+ 133. Kc7 Kf7 134. Bc5 Rc4 135. Re5 Kf6 136. Rd5 Ra2
137. Kc6 Rac2 138. Kb5 Ke6 139. Rh5 Re4 140. Rh6+ Kd7 141. Rd6+ Kc7 142. Rc6+
Kd7 143. Rd6+ Ke8 144. Rd5 Rec4 145. Re5+ Kd7 146. Re7+ Kd8 147. Re5 Kd7 148.
Re7+ Kd8 149. Re5 Rxc5+ 150. Rxc5 Rxc5+ 151. Kxc5 1/2-1/2